Collèges du Val-de-Marne par RNE - Statistiques

Statistiques générales
  • Ce quiz a été pris 16 fois
  • Le résultat moyen est 12 sur 106
Statistiques - réponses
RNE Collèges % Correct
0940012C | 0940792A | 0941024C | 0941234F Jules Ferry
50%
0941103N | 0941296Y Jean Macé
33%
0941601E Romain Rolland
33%
0940031Y | 0941101L Victor Hugo
33%
0940042K Adolphe Chérioux
25%
0941032L Danièle Casanova
25%
0940581W | 0941410X Jean Moulin
25%
0940022N | 0941033M Jean Perrin
25%
0940090M Paul Valéry
25%
0942127B Simone de Beauvoir
25%
0940006W Albert Schweitzer
17%
0940003T Amédée Laplace
17%
0941025D Assia Djebar
17%
0941478W Blaise Cendrars
17%
0941023B Condorcet
17%
0941220R | 0941224V François Rabelais
17%
0941029H | 0941229A Jules Vallès
17%
0941600D Louis Blanc
17%
0941026E | 0941348E Molière
17%
0941596Z Nicolas de Staël
17%
0941299B Paul Vaillant-Couturier
17%
0940569H | 0940583Y Pierre de Ronsard
17%
0940625U Pierre et Marie Curie
17%
0940749D Roland Garros
17%
0941099J Rosa Parks
17%
0942187S Simone Veil
17%
0941679P Albert Cron
8%
0941102M Clément Guyard
8%
0940024R Decroly
8%
0940617K Du Fort
8%
0941971G Dulcie September
8%
0941046B Edouard Herriot
8%
0941040V Emile Zola
8%
0940551N Eugène Chevreul
8%
0941052H Fernande Flagon
8%
0940516A Frédéric et Irène Joliot-Curie
8%
0941782B Georges Brassens
8%
0940794C Gustave Monod
8%
0941231C Henri Matisse
8%
0941781A Henri Wallon
8%
0940582X Jean Charcot
8%
0941034N Joseph Lakanal
8%
0941036R Karl Marx
8%
09415353K La Cerisaie
8%
0941022A Léon Blum
8%
0941351H Louis Issaurat
8%
0940521F | 0941037S Louis Pasteur
8%
0940786U Lucie Aubrac
8%
0940787V Nicolas Boileau
8%
0941100K Paul Bert
8%
0941095E Paul Eluard
8%
0940788W | 0940791Z Pierre Brossolette
8%
0941431V Rol Tanguy
8%
0942482M Samuel Paty
8%
0941015T Willy Ronis
8%
0941038T Aimé Césaire
0%
0941221S | 0941233E Albert Camus
0%
0940612E Amédée Dunois
0%
0940101Z | 0940793B | 0941017V Antoine de Saint-Exupéry
0%
0941091A Antoine Watteau
0%
0941093C Camille Pissarro
0%
0941602F Christiane Desroches-Noblecourt
0%
0941783C Daniel Féry
0%
0940789X De Lattre de Tassigny
0%
0941042X Dorval
0%
0940748C Du Parc
0%
0941597A Edmond Nocard
0%
0941092B Elsa Triolet
0%
0940094S Francine Fromond
0%
0942188T Françoise Giroud
0%
0942532S Gisèle Halimi
0%
0941039U Guy Moquet
0%
0941020Y Henri Barbusse
0%
0941014S Henri Cahn
0%
0940790Y Jacques Offenbach
0%
0941603G Janusz Korczak
0%
0940038F Jean Charcot
0%
0941035P Jean Lurçat
0%
0941412Z La Guinette
0%
0940552P Le Parc
0%
0940072T Les Closeaux
0%
0941411Y Les Prunais
0%
0940071S Liberté
0%
0942434K Maurice et Josette Audin
0%
0942499F Nelson Mandela
0%
0940575P Paul Klee
0%
0941021Z Paul Langevin
0%
0940100Y Plaisance
0%
0941044Z Robert Desnos
0%
0941090Z Victor Duruy
0%
Aucun quiz correspondant
Distribution des résultats
% des personnes avec chaque résultat
Percentile par nombre de réponses
Votre historique - résultats
Vous n’avez pas pris ce quiz